00330nam a2200121 a 4500008004100000050001600041100002800057245004000085260004500125350000900170650001100179650001800190120416s1976 ||||||||||||||||| || u aHD 6832 Ayu aAyusawa, Iwao Frederick12aA history of labour in modern Japan aWestport, [Conn.]bGreenwood Pressc1976 a0.00 aLABOUR aLABOUR--JAPAN